000 00319 a2200085 4500
100 1 _aBobiński, Edward.
_eAutor
245 0 _aWstępna instrukcja budowy doświadczalnej teletechnicznej kanalizacji kablowej /
_cBobiński Edward.
710 2 _aInstytut Łączności.
_eWydawca
_4pbl
260 _aWarszawa :
_bIŁ,
_c1967.
300 _aIV,25 s.;
_c34 cm.
999 _c15455
_d15455